000
00331nam a22001457a 4500
003
SGT
020
_a
97815-43343-11-3
082
_a
543
_b
PAT
100
_a
PATIL, SHITAL
245
_a
ADVANCED INSTRUMENTATION TECHNIQUES
260
_a
INDIA
_b
PEE VEE PUB.
_c
2019
300
_a
224
650
_a
PATIL, SHITAL
942
_2
ddc
_c
BK
999
_c
32448
_d
32448